• 首页
  • 本馆介绍
  • 公告通知
  • 最新文献
  • 馆藏检索
  • 电子资源
  • 读者导购
  • 参考咨询
  • 我的图书馆
  • 登录
  • 详细信息显示
  • 放入我的书架
  • 预约/预借图书
  • 作者相关作品
  • 分类相关作品
  • 丛书相关作品
  • 出版社相关作品

书目信息

  • 表格格式
  • 工作单格式
  • 卡片格式
题名:
天才发明家
    
 
作者: 黄萍 主编
分册:  
出版信息: 成都   巴蜀书社  2018
页数: 203页
开本: 22cm
丛书名: 中外名人传记
单 册:
中图分类: K837.126.1
科图分类:
主题词: 发明家--fa ming jia--传记--美国--现代
电子资源:
ISBN: 978-7-5531-1050-9
000 01106nam 2200313 450
001 438793
005 20140102114034.0
010    @a978-7-5531-1050-9@dCNY33.00
099    @aCAL 012019037022
100    @a20181218d2018 em y0chiy50 ea
101 0  @achi
102    @aCN@b510000
105    @aac z 000yb
106    @ar
200 1  @a天才发明家@ATian Cai Fa Ming Jia@e爱迪生@f黄萍主编
210    @a成都@c巴蜀书社@d2018
215    @a203页@c图, 肖像@d22cm
225 2  @a中外名人传记@Azhong wai ming ren zhuan ji
312    @a英文并列题名取自封面
330    @a本书主要介绍发明大王爱迪生一生的经历及事迹。文章按时间顺序详细生动地描绘了爱迪生充满传奇的人生, 对一些不符合事实的事件予以更正, 使读者能更详细地了解一个真实的发明家。
410  0 @12001 @a中外名人传记
510 1  @aEdison@zeng
517 1  @a爱迪生@AAi Di Sheng
600  1 @a爱迪生@Aai di sheng@g(Adeson, Thomas Alva),@f1847-1931@x传记
606 0  @a发明家@Afa ming jia@x传记@y美国@z现代
690    @aK837.126.1@v5
701  0 @a黄萍@Ahuang ping@4主编
801  0 @aCN@b上海新华@c20191020
905    @b1186458-61@dK837.126.1@e1066@f4
    
    天才发明家:爱迪生/黄萍主编.-成都:巴蜀书社,2018
    203页:图, 肖像;22cm.-(中外名人传记)
    
    
    ISBN 978-7-5531-1050-9:CNY33.00
    本书主要介绍发明大王爱迪生一生的经历及事迹。文章按时间顺序详细生动地描绘了爱迪生充满传奇的人生, 对一些不符合事实的事件予以更正, 使读者能更详细地了解一个真实的发明家。
●
相关链接 在E读中查询图书 在五车中查询图书 在当当中查询图书 在豆瓣中查询图书


正题名:天才发明家     索取号:K837.126.1/1066         预约/预借

序号 登录号 条形码 馆藏地/架位号 状态 备注
1 1186458   211864589   第二样本阅览室/ [索取号:K837.126.1/1066] 在馆    
2 1186459   211864598   第二借阅区/ [索取号:K837.126.1/1066] 在馆    
3 1186460   211864605   第二借阅区/ [索取号:K837.126.1/1066] 在馆    
4 1186461   211864614   第二借阅区/ [索取号:K837.126.1/1066] 在馆    
唐山师范学院图书馆 欢迎您!
大连网信软件有限公司© 版权所有